Standards for juvenile and family courts (Record no. 491494)

000 -LEADER
fixed length control field 00409cam a22001097a 4500
008 - FIXED-LENGTH DATA ELEMENTS--GENERAL INFORMATION
fixed length control field 180718b1966 xxu||||| |||| 00| 0 eng d
082 ## - DEWEY DECIMAL CLASSIFICATION NUMBER
Classification number H226x73 Un3s
245 ## - TITLE STATEMENT
Title Standards for juvenile and family courts
Statement of responsibility, etc. by Department of Health, Education and Welfare, United States
260 ## - PUBLICATION, DISTRIBUTION, ETC.
Place of publication, distribution, etc. Washington
Name of publisher, distributor, etc. Printing Department
Date of publication, distribution, etc. 1966
300 ## - PHYSICAL DESCRIPTION
Extent 130+p
700 ## - ADDED ENTRY--PERSONAL NAME
Personal name United States. Department of Health, Education and Welfare
Holdings
Withdrawn status Lost status Damaged status Not for loan Permanent Location Current Location Date acquired Full call number Barcode Date last seen Price effective from Koha item type
        Indian Institute of Public Administration Indian Institute of Public Administration 2018-08-04 H226x73 Un3s GG8473 2018-08-04 2018-08-04 GG
        Indian Institute of Public Administration Indian Institute of Public Administration 2018-08-04 H226x73 Un3s GG8201 2018-08-04 2018-08-04 GG

Powered by Koha